| 000 | 00830nam a2200289Ia 4500 | ||
|---|---|---|---|
| 001 | Z_1161 | ||
| 003 | CHAP | ||
| 005 | 20240222142537.0 | ||
| 008 | 220113s1970 xx 000 0 und d | ||
| 010 | _a164245 | ||
| 020 | _a968-26-1182-2 | ||
| 040 | _cCHAP | ||
| 082 | _a637.1 A53y | ||
| 100 |
_aAlais, Charles _93304 |
||
| 245 |
_aCiencia de la leche: principios de la técnica lechera / _cpor Charles Alais |
||
| 260 |
_aMéxico : _bCECSA, _c1970 |
||
| 300 |
_a594 p. : _bilus |
||
| 500 | _aTraducción de: Science du lait: principes des techniques Laitieres, 2 ed. de 1970? | ||
| 503 | _a128815 , C/E, 195332,195334,195335 | ||
| 650 |
_aIndustria lechera _957819 |
||
| 650 |
_aLeche _xProducción I. t. _9138048 |
||
| 901 | _a637.1 A53Y | ||
| 902 | _aM | ||
| 910 | _a1988 | ||
| 942 |
_c1 _2ddc |
||
| 942 | _2ddc | ||
| 999 |
_c164245 _d164245 |
||